000 00688cam a2200193 i 4500
005 20251118095550.0
008 250721s2003 SY gr 000 0 ara d
082 1 4 _a210.461
_bم ا ر
100 1 _aمارديني، عبد الرحيم
_eمؤلف.
245 1 0 _aموسوعة الإعجاز العلمي في الحديث النبوي الشريف /
_cتأليف عبدالرحيم مارديني.
250 _aالطبعة الاولى.
264 3 1 _aدمشق :
_bدار المحبة،
_c2003.
300 _a272 صفحة.
650 1 7 _aالطب النبوي.
650 1 7 _aالعلوم الطبية.
650 1 7 _aالإسلام.
942 _2ddc
_cBK
999 _c28644
_d28644